| 000 | 00712nam a22001937a 4500 | ||
|---|---|---|---|
| 005 | 20161019140633.0 | ||
| 010 | _aENG-116233 | ||
| 020 |
_a9780199466801 _c995.00 |
||
| 035 | _aEN-99765 | ||
| 037 | _bDBAD/PUB | ||
| 082 | _a331.310954 | ||
| 100 | _aSanghera, Gurchathen S. | ||
| 245 |
_aChild labour in India : _cby Gurchathen S. Sanghera _bGlobalization, power, and the politics of International children's rights / |
||
| 260 |
_aNew Delhi _bOxford University Press _c2016 |
||
| 270 |
_aYMCA Library Building, 1 Jai Singh Road, _bNew Delhi _e110001 |
||
| 300 |
_axiii,327p. _c22cm(Hb) |
||
| 500 | _aIncludes bibliographical references and index | ||
| 942 |
_2ddc _cEN _mSAN _h331.310954 |
||
| 999 |
_c104065 _d104065 |
||